000 00237nam a2200097Ia 4500
008 240331s9999 xx 000 0 und d
082 _bRAY
100 _aRayagaram,P
245 0 _aDeshiyam eppoladum ingum mudalalithuwa korikkeye
942 _cL
999 _c4590
_d4590